Famous Birthplaces #2 - Statistics

General Stats
  • This quiz has been taken 43 times
  • The average score is 14 of 17
Answer Stats
Hint Answer % Correct
Bethlehem, Israel Jesus Christ
97%
Mecca, Saudi Arabia Muhammad
95%
Mexico City, Mexico Frida Kahlo
89%
Lumbini, Nepal Siddhartha Gautama
89%
Braunau am Inn, Austria Adolf Hitler
87%
Ulm, Germany Albert Einstein
87%
Málaga, Spain Pablo Picasso
87%
Votkinsk, Russia Pyotr Ilyich Tchaikovsky
87%
Zundert, Netherlands Vincent van Gogh
87%
Paris, France Claude Monet
84%
Rosario, Argentina Lionel Messi
84%
Três Corações, Brazil Pelé
84%
Riyadh, Saudi Arabia Osama bin Laden
82%
Funchal, Portugal Cristiano Ronaldo
79%
Gori, Georgia Joseph Stalin
79%
Toruń, Poland Copernicus
76%
Jerusalem, Israel Natalie Portman
71%
No matching quizzes found
Score Distribution
Percent of People with Each Score
Percentile by Number Answered
Your Score History
You have not taken this quiz